|
|
|
|
| LEADER |
00000nam0a2200000 4500 |
| 001 |
159290 |
| 005 |
20231031155008.0 |
| 010 |
|
|
|a 5020047163
|
| 020 |
|
|
|a RU
|b 91-57242
|
| 035 |
|
|
|a (RuTPU)RU\TPU\book\172760
|
| 090 |
|
|
|a 159290
|
| 100 |
|
|
|a 20090507d1991 k a0rusy5003 ca
|
| 101 |
0 |
|
|a rus
|
| 102 |
|
|
|a RU
|
| 105 |
|
|
|a a z 001zy
|
| 200 |
1 |
|
|a Известковые водоросли нижнего и среднего девона юга Новой Земли
|f В. П. Шуйский, Д. К. Патрунов
|g Академия наук СССР (АН СССР), Уральский филиал (УФ), Институт геологии и геохимии (ИГГ); под ред. Б. И. Чувашова
|
| 210 |
|
|
|a Москва
|c Наука
|d 1991
|
| 215 |
|
|
|a 80 с.
|c ил.
|
| 320 |
|
|
|a Библиогр.: с. 57-59.
|
| 610 |
1 |
|
|a известковые водоросли
|
| 610 |
1 |
|
|a девон
|
| 610 |
1 |
|
|a Новая Земля
|
| 610 |
1 |
|
|a описание
|
| 610 |
1 |
|
|a сравнительный анализ
|
| 700 |
|
1 |
|a Шуйский
|b В. П.
|g Вадим Прокопьевич
|4 070
|
| 701 |
|
1 |
|a Патрунов
|b Д. К.
|g Дмитрий Константинович
|4 070
|
| 702 |
|
1 |
|a Чувашов
|b Б. И.
|4 340
|
| 712 |
0 |
2 |
|a Академия наук СССР (АН СССР)
|b Уральский филиал (УФ)
|b Институт геологии и геохимии (ИГГ)
|c (Свердловск)
|2 stltpush
|3 (RuTPU)RU\TPU\col\13849
|
| 801 |
|
0 |
|a RU
|b RuMRKP
|c 19950417
|g psbo
|
| 801 |
|
1 |
|a RU
|b 63413507
|c 20090507
|g PSBO
|
| 801 |
|
2 |
|a RU
|b 63413507
|c 20100705
|g PSBO
|
| 942 |
|
|
|c BK
|